000 00776nam a2200229 i 4500
001 171205
003 ES-MaACL
005 20250808062754.0
008 090505s1961 sp |||| | lat d
017 _aM 4830-1961
100 0 _aAgustín
_cSanto, Obispo de Hipona.
_9125563
245 1 0 _aEnchiridion theologicum Sancti Augustini /
_cquod paravit et notis auxit Franciscus Moriones.
260 _aMatriti :
_bLa Editorial Católica,
_c1961.
300 _aXXXI, 743 p. ;
_c20 cm.
490 1 _aBiblioteca de autores cristianos ;
_v205
500 _aÍndice.
546 _aTexto y notas en latín.
700 0 _aMoriones, Francisco.
_983574
830 0 0 _aBiblioteca de autores cristianos
_v205
_9178679
852 _aES-MaACL
_jJ-201
_9R.46092
999 _c171205
_d171205